Coplas al viento /
Este libro es el resultado de la selección de coplas realizada por instructores comunitarios de varios estados de la República mexicana como parte de la convocatoria "¿A qué jugamos?". Los versos son de caracter tradicional.
সংরক্ষণ করুন:
| অন্যান্য লেখক: | , , , |
|---|---|
| বিন্যাস: | গ্রন্থ |
| ভাষা: | স্প্যানিশ |
| প্রকাশিত: |
México :
Consejo Nacional de Fomento Educativo,
1990, c1990
|
| মালা: | (CONAFE Serie Infantil)
|
| বিষয়গুলি: | |
| ট্যাগগুলো: |
কোনো ট্যাগ নেই, প্রথমজন হিসাবে ট্যাগ করুন!
|
MARC
| LEADER | 00000nam^a2200000^a^4500 | ||
|---|---|---|---|
| 001 | 000616607 | ||
| 005 | 20250630000000.0 | ||
| 009 | 20260310133724.216 | ||
| 020 | |a 968-29-2974-1 | ||
| 037 | |a Acervo ITESO - Biblioteca | ||
| 041 | |a ESP | ||
| 082 | |a 808. 899282 |b COP | ||
| 245 | 1 | 0 | |a Coplas al viento / |c Ed. de A. González Aguilar ; selec. de L.I. de la Peña ; il. de V. Ramírez, A. Darjo. |
| 264 | 4 | |a México : |b Consejo Nacional de Fomento Educativo, |c 1990, c1990 | |
| 300 | |a 40 p. | ||
| 336 | |a texto |b txt |2 rdacontenido | ||
| 337 | |a sin mediación |b n |2 rdamedio | ||
| 338 | |a volumen |b nc |2 rdasoporte | ||
| 440 | 1 | |a (CONAFE Serie Infantil) | |
| 520 | |a Este libro es el resultado de la selección de coplas realizada por instructores comunitarios de varios estados de la República mexicana como parte de la convocatoria "¿A qué jugamos?". Los versos son de caracter tradicional. | ||
| 649 | |a XX | ||
| 650 | |a Libros para Niños | ||
| 650 | |a Copla | ||
| 650 | |a Rimas Infantiles | ||
| 650 | |a Poesía Mexicana | ||
| 650 | |a Literatura Folklórica - |z México | ||
| 650 | |a Literatura Mexicana | ||
| 700 | |a González Aguilar, Alejandra |e (edición) | ||
| 700 | |a Peña, Luis I. de la |e (selección) | ||
| 700 | |a Ramírez, Victoriano |e (ilustración) | ||
| 700 | |a Darjo, Aline |e (ilustración) | ||
| 910 | |a Fondo Castillo-Martínez | ||
| 920 | |a Impresos - Libros | ||
| 930 | |a Fondos Especiales | ||
| 940 | |a Literatura | ||
| 905 | |a 127 | ||
| 901 | |a 617046-10 |b IT2 |c ESP |i D129744 |u 20250630 | ||
| 902 | |a https://opac.biblio.iteso.mx/vufind/Record/000616607 | ||